000 02839cam a22005654i 4500
003 PE-LiUPU
005 20250731173521.0
008 150616s r 000 0 d
020 _a0830716017
035 _a(Sirsi) i9780830716012
040 _aPE-LiUPU
_bspa
_cPE-LiUPU
_erda
049 _aPRUA
082 0 4 _a262.1
_bB23
_221
100 1 _aBarna, George,
_eautor.
245 1 4 _aThe Power of Vision.
264 1 _aCalifornia :
_bRegal Books,
_c1984.
300 _a186 páginas ;
_c23 centímetros
336 _atext
_2rdacontent
337 _aunmediated
_2rdamedia
338 _avolume
_2rdacarrier
505 0 _aVision in the Marketplace.- Masters of Vision.- What is Vision?.- Don't Confuse Vision with Mission.- Myths that mar Vision.- Whose Vision Are You Following?.- Capturing God's Vision.- The Character of God's Vision.- Your Ministry Will Benefit.- Vision Killers.- Articulating the Vision.- The "Trickle Down" Effect.- Count the Cost.- Capturing a Personal Vision.- Bible Studies on Vision.- A Business View of Vision.- Vision and Church Marketing.- What if?.
526 _aSEG42
526 _aSEG41
526 _aSEG40
526 _aSEG39
526 _aP94
526 _aP87
526 _aP86
526 _aP85
526 _aP77
526 _aP76
526 _aP35
650 0 4 _aLIDERAZGO CRISTIANO.
910 _ajck
_bjvq
_cjck
942 _2ddc
_cBOOK
949 _a262.1 B23
_wDEWEY
_c1
_i54223
_lCCODEBUL1
_mBUL
_r0
_sY
_tBOOK
_u2015-6-16
_xTEOLOGIA
_zUNKNOWN
_0COMPRA
_o.STAFF. Colección General
949 _a262.1 B23
_wDEWEY
_c2
_i46346
_lCCODEBUL1
_mBUL
_r0
_sY
_tBOOK
_u2015-6-16
_xTEOLOGIA
_zUNKNOWN
_0COMPRA
_o.STAFF. Colección General
949 _a262.1 B23
_wDEWEY
_c3
_i41878
_lCCODEBUL1
_mBUL
_r0
_sY
_tBOOK
_u2015-6-16
_xTEOLOGIA
_zUNKNOWN
_0COMPRA
_o.STAFF. Colección General
949 _a262.1 B23
_wDEWEY
_c4
_i40513
_lCCODEBUL1
_mBUL
_r0
_sY
_tBOOK
_u2015-6-16
_xTEOLOGIA
_zUNKNOWN
_0COMPRA
_o.STAFF. Colección General
994 _aC0
_bPEPRU
596 _a1
999 _a262.1 B23
_wDEWEY
_c59641
_i54223
_f2021-11-10
_g5
_lCCODEBUL1
_mBUL
_r0
_sY
_tBOOK
_u2015-6-16
_xTEOLOGIA
_zUNKNOWN
_0COMPRA
_o.STAFF. Colección General
_d59641
999 _a262.1 B23
_wDEWEY
_c2
_i46346
_f2021-11-10
_g5
_lCCODEBUL1
_mBUL
_r0
_sY
_tBOOK
_u2015-6-16
_xTEOLOGIA
_zUNKNOWN
_0COMPRA
_o.STAFF. Colección General
999 _a262.1 B23
_wDEWEY
_c3
_i41878
_f2021-11-10
_g5
_lCCODEBUL1
_mBUL
_r0
_sY
_tBOOK
_u2015-6-16
_xTEOLOGIA
_zUNKNOWN
_0COMPRA
_o.STAFF. Colección General
999 _a262.1 B23
_wDEWEY
_c4
_i40513
_f2021-11-10
_g5
_lCCODEBUL1
_mBUL
_r0
_sY
_tBOOK
_u2015-6-16
_xTEOLOGIA
_zUNKNOWN
_0COMPRA
_o.STAFF. Colección General
980 _81
_gALBERTO SANCHEZ Responsable de Automatización